| 000 | 01344nac a22002771u 4500 | ||
|---|---|---|---|
| 010 | _a 2005275778 | ||
| 020 | _a1850436746 (hbk.) | ||
| 024 | 3 | _a9781850436744 | |
| 035 | _a(OCoLC)ocm56640656 | ||
| 082 | 0 | 0 |
_a338.2728209 _bRUT |
| 090 |
_c5869 _d5869 |
||
| 100 | _aRutledge, Ian. | ||
| 245 | 1 | 0 |
_aAddicted to oil : _bAmerica's relentless drive for energy security / _cIan Rutledge. |
| 260 |
_aLondon ; _aNew York : _bI.B. Tauris ; _aNew York : _bDistributed by Palgrave Macmillan in the United States and Canada,c.2005. _cc.2005. |
||
| 300 |
_axv, 269 p. ; _c24 cm. |
||
| 500 | _aDistributer: Al-Ahram. | ||
| 504 | _aIncludes bibliographical references (p. 239-258) and index. | ||
| 511 | _aCatalogued By: Mahitab. | ||
| 650 | 0 |
_aPetroleum reserves _zIraq. |
|
| 650 | 0 |
_aPetroleum industry and trade _xGovernment policy _zUnited States. |
|
| 856 | 4 | 2 |
_3Contributor biographical information _uhttp://www.loc.gov/catdir/enhancements/fy0626/2005275778-b.html |
| 856 | 4 | 2 |
_3Publisher description _uhttp://www.loc.gov/catdir/enhancements/fy0626/2005275778-d.html |
| 856 | 4 | 2 |
_3Table of contents only _uhttp://www.loc.gov/catdir/enhancements/fy0626/2005275778-t.html |
| 942 |
_cBB _k338.2728209RUT |
||
| 999 |
_c5869 _d5869 |
||